000 01176cam a2200301 a 4500
999 _c18539
_d18539
001 4471982
003 OSt
005 20210709100329.0
008 960808s1997 nyu b 001 0 eng
010 _a 96033593
020 _a0195114345 (acidfree paper)
040 _aMMU
_cMMU
_dMMU
_beng
050 0 0 _aHM131
_b.P4168 1997
082 0 0 _a302.3/5
_220
100 1 _aPfeffer, Jeffrey.
245 1 0 _aNew directions for organization theory :
_bproblems and prospects /
_cJeffrey Pfeffer.
260 _aNew York :
_bOxford University Press,
_c1997.
300 _aviii, 264 p. ;
_c24 cm.
504 _aIncludes bibliographical references (p. 205-243) and index.
650 0 _aOrganizational sociology.
650 0 _aOrganizational behavior.
650 0 _aSocial control.
856 4 2 _3Publisher description
_uhttp://www.loc.gov/catdir/enhancements/fy0604/96033593-d.html
856 4 1 _3Table of contents only
_uhttp://www.loc.gov/catdir/enhancements/fy0604/96033593-t.html
856 4 2 _3Contributor biographical information
_uhttp://www.loc.gov/catdir/enhancements/fy0726/96033593-b.html
906 _a7
_bcbc
_corignew
_d1
_eocip
_f19
_gy-gencatlg
942 _2lcc
_cLOAN LOAN